000 00550nam a2200217Ia 4500
005 20241216010011.0
008 180423s9999||||xx |||||||||||||| ||und||
082 _a330.122
_bH74
100 _aHOORVER, GALVIN B.
245 0 _aLA ECONOMIA LA LIBERTAD Y EL ESTADO
250 _a0
260 _aBUENOS AIRES-ARGENTINA
_bVICTOR LERU
_c1997
300 _a372 pag.
_c24 cm
341 _h0
490 _v0
_a0
505 _aECONOMIA-LIBRE EMPRESA
541 _aC
_d22-Nov-93
650 _aCIENCIAS SOCIALES
856 _zHumanidades
942 _cLIBRO
999 _c2866
_d2866